000 00998nam a2200301 4500
003 EG-GICUC
005 20260121101349.0
008 251126s1953 ua ||||fr|||| 00| 0 eng d
040 _aEG-GiCUC
_beng
_cEG-GiCUC
_dEG-GiCUC
_erda
041 _aeng
082 0 4 _221
_a341.84
_bB A . A
092 0 4 _221
099 _aLaw1 12 341.84 B A . A 1953
100 1 _aBadr, Amīn M.
_eAuthor.
245 1 0 _aAlien corporations in conflict of laws :
_ba study of comparative law /
_cby Amin M. Badr.
264 1 _aCairo :
_bCairo University Press,
_c1953.
300 _a178 pages ;
_c24 cm.
336 _2rda content
_atext
337 _2rda media
_aComputer
338 _2rda carrier
_aOnline Resource
504 _aBibliography 171 - 178 P Bibliographic references
546 _aText in English
650 1 _aConflict of laws -
_xPrivate international law
_2qrmak
651 1 _2qrmak
856 4 0 _uhttps://fll.law.cu.edu.eg/fulltext/bks/B12-01517.pdf
905 _a75
_eYara
942 _2ddc
_n0
_cBK
_e21
999 _c46303
_d46303